000 00405nam a22001697a 4500
003 MPLRDC
005 20220104114508.0
008 210129b ||||| |||| 00| 0 eng d
082 _a176.4 RUBY c.2*
100 _a拉比著; 王曼君译
245 _a思考的诀窍
_c
250 _a革新版
260 _a
_b尚志文化出版社
_c1991
300 _b
650 _a
942 _cBK
_o176.4 RUBY c.2*
999 _c7926
_d7916